| 000 | 01101cam a2200301 a 4500 | ||
|---|---|---|---|
| 001 | 12195930 | ||
| 003 | OSt | ||
| 005 | 20230704091425.0 | ||
| 008 | 001005s2000 enk b 001 0 eng | ||
| 010 | _a 00421333 | ||
| 020 | _a185431887X | ||
| 040 |
_aDLC _cDLC _dDLC |
||
| 043 | _ae-uk--- | ||
| 050 | 0 | 0 |
_aKD3372 _b.B35 2000 |
| 082 | 0 | 0 |
_a344.41/046 _221 _bBEL |
| 100 | 1 |
_aBell, Stuart, _d1965- |
|
| 245 | 1 | 0 |
_aBall & Bell on environmental law : _bthe law and policy relating to the protection of the environment / _cStuart Bell and Donald McGillivray. |
| 246 | 3 | _aBall and Bell on enivironmental law | |
| 250 | _a6th ed. | ||
| 260 |
_aLondon : _bBlackstone Press, _c2000. |
||
| 300 |
_axlviii, 726 p. ; _c23 cm. |
||
| 504 | _aIncludes bibliographical references (p. [680]-697) and index. | ||
| 650 | 0 |
_aEnvironmental law _zGreat Britain. |
|
| 700 | 1 |
_aMcGillivray, Donald, _d1967- |
|
| 906 |
_a7 _bcbc _corignew _d2 _encip _f20 _gy-gencatlg |
||
| 942 |
_2ddc _cBK |
||
| 999 |
_c3592 _d3592 |
||